Transformation of Integration Policies: The Case of the Slovak and Czech Republic

Analýza dokumentov integračnej politiky Slovenskej republiky a Českej republiky. Zisťovanie, ako dva štáty, ktoré v minulosti tvorili jeden štátny celok, pristupujú v súčasnosti k politike integrácie cudzincov. Prehľad medzinárodnej migrácie v ČR a SR po roku 1993. Analýza dát MIPEX (Migration Integ...

Descrizione completa

Salvato in:
Dettagli Bibliografici
Autore principale: Seresová, Terézia, 1991-
Natura: Capitolo di libro
Lingua:slovacco
Soggetti:
Tags: Aggiungi Tag
Nessun Tag, puoi essere il primo ad aggiungerne!!

MARC

LEADER 00000naa a2200000 4500
001 0282896
005 20240502074406.4
041 0 |a slo 
044 |a SK 
245 1 0 |a Transformation of Integration Policies: The Case of the Slovak and Czech Republic  |c Terézia Seresová 
520 |a Analýza dokumentov integračnej politiky Slovenskej republiky a Českej republiky. Zisťovanie, ako dva štáty, ktoré v minulosti tvorili jeden štátny celok, pristupujú v súčasnosti k politike integrácie cudzincov. Prehľad medzinárodnej migrácie v ČR a SR po roku 1993. Analýza dát MIPEX (Migration Integration Policy Index) pre ČR a SR. Výsledky analýzy ukazujú, že Česká republika je v súčasnosti z legislatívneho hľadiska kvalitnejšie pripravená na prichádzajúcich migrantov ako Slovensko. 
610 2 0 |a politika integračná 
610 2 0 |a politika migračná 
610 2 0 |a cudzinci 
610 2 0 |a Česko 
610 2 0 |a Slovensko 
100 1 |a Seresová, Terézia, 1991-